النباتات الطبية و إستعمالاتها / (رقم التسجيلة. 52158)

تفاصيل مارك
000 -LEADER
fixed length control field 00592nam a22001937a 4500
005 - DATE AND TIME OF LATEST TRANSACTION
control field 20251108170923.0
008 - FIXED-LENGTH DATA ELEMENTS--GENERAL INFORMATION
fixed length control field 250721s1988 xx 000 0 ara d
082 14 - DEWEY DECIMAL CLASSIFICATION NUMBER
Classification number 615.89/محم
100 1# - MAIN ENTRY--PERSONAL NAME
Personal name العودات، محمد
245 10 - TITLE STATEMENT
Title النباتات الطبية و إستعمالاتها /
250 ## - EDITION STATEMENT
Edition statement ط2
264 1# - PRODUCTION, PUBLICATION, DISTRIBUTION, MANUFACTURE, AND COPYRIGHT NOTICE
Place of production, publication, distribution, manufacture دمشق :
Name of producer, publisher, distributor, manufacturer الأهالي للطباعة و النشر و التوزيع،
Date of production, publication, distribution, manufacture, or copyright notice 1988.
300 ## - PHYSICAL DESCRIPTION
Extent 411ص
650 17 - SUBJECT ADDED ENTRY--TOPICAL TERM
Topical term or geographic name as entry element النباتات الطبية
650 17 - SUBJECT ADDED ENTRY--TOPICAL TERM
Topical term or geographic name as entry element الطب الشعبي
700 1# - ADDED ENTRY--PERSONAL NAME
Personal name لحام، جورج
942 ## - ADDED ENTRY ELEMENTS (KOHA)
Source of classification or shelving scheme Dewey Decimal Classification
Koha item type كتب
المقتنيات
حالة السحب حالة الفقدان مصدر التصنيف حالة التلف غير قابل للإعارة المكتبة الرئيسية المكتبة الحالية موقع الرف تاريخ التزويد الرقم المتسلسل Total Checkouts رقم الإستدعاء الباركود تاريخ آخر ظهور تاريخ الفاتورة نوع المادة (كوها)
    Dewey Decimal Classification     مكتبة النصر العامة مكتبة النصر العامة الإعارة 28/03/2015 [ 2536 ]   615.89/محم PLD00380005 28/07/2025 28/03/2015 كتب
    Dewey Decimal Classification     مكتبة حمزة العامة مكتبة حمزة العامة الإعارة 17/01/2016 [4698]   615.89/محم PLD00369173 28/07/2025 17/01/2016 كتب
Implemented & Customized by: BBB with SCIT (Smart Chains for Information Technology)

Powered by Koha